000 01453nam0a22003011 4500
001 rc\2333596
005 20110829145939.2
035 _a(NLR Aleph) 006583750
090 _a7072979
_c7072979
100 _a20110829d1977 |||y0rusy50 ca
101 0 _arus
102 _aRU
105 _ay z |||||
200 1 _aПрограмма и методика проведения работ по заданию 16.08 "Разработка общей и зональной системы машин на 1981-1985 гг., а также основные направления в развитии системы машин для комплексной механизации растениеводства на 1986-1990 гг."
_fМ-во с. х. СССР. ВАСХНИЛ. ВНИИ механизации сел. хоз-ва (ВИМ)
210 _aМосква
_cБ. и.
_d1977
215 _a183 с.
_d20
300 _aНа обороте тит. л. сост.: кандидаты с.-х. н. В.М. Бейлис, Е.А. Коган, к. т. н. Б.В. Павлов, инж. А.И. Митрофанов
333 _aДСП. Экз. № 6
702 1 _aПавлов
_bБ. В.
_4220
702 1 _aМитрофанов
_bА. И.
_4220
702 1 _aКоган
_bЕ. А.
_4220
702 1 _aБейлис
_bВ. М.
_4220
801 0 _aRU
_bNLR
_gpsbo
801 1 _aRU
_bELAR
_2rusmarc
852 _aNLR
_j77-50К/5636
899 _aRuMoRGB
_jCX
942 _cBOOK
980 _aNB